000 00914nac a22002771i 4500
003 EG-ScBUE
005 20250729094451.0
008 250729t1996 gw a f b 001 0 eng d
020 _a3540608753 (hardcover : alk. paper)
040 _aEG-ScBUE
_beng
_erda
_cEG-ScBUE
_dEG-ScBUE
082 0 0 _a543.0858
_bHUF
_222
100 1 _aHufner, Stefan,
_eauthor.
245 1 0 _aPhotoelectron spectroscopy :
_bprinciples and applications /
_cStefan Hufner.
250 _aSecond edition.
264 1 _aBerlin :
_bSpringer-Verlag,
_c[1996]
264 4 _cc1996
300 _axiv, 516 pages :
_billustrations ;
_c24 cm.
336 _2rdacontent
_atext
_btxt
337 _aunmediated
_2rdamedia
_bn
338 _avolume
_bnc
_2rdacarrier
490 0 _aSolid-state sciences
504 _aIncludes bibliographical references and index.
650 7 _aPhotoelectron spectroscopy.
_2BUEsh
655 _vReading book
942 _cBB
_2ddc
999 _c7591
_d7591